书目信息 |
| 题名: |
六祖坛经:曹溪的佛唱
|
|
| 作者: | 蔡志忠 编绘 | |
| 分册: | ||
| 出版信息: | 北京 生活·读书·新知三联书店 2000.01 |
|
| 页数: | 104页 | |
| 开本: | 32开 | |
| 丛书名: | ||
| 单 册: | ||
| 中图分类: | J218.2 | |
| 科图分类: | ||
| 主题词: | 绘画--技法(美术) | |
| 电子资源: | ||
| ISBN: | 7-108-01397-5 | |
| 000 | 00582nam0 2200193 45 | |
| 001 | 0012191484 | |
| 005 | 20001219145203.6 | |
| 010 | @a7-108-01397-5@d12.50元 | |
| 100 | @a20001219d2000 km y0chiy0120 ea | |
| 101 | 0 | @achi |
| 105 | @a z 000yy | |
| 200 | 1 | @a六祖坛经:曹溪的佛唱@ALiu Zu Tan Jing:Cao Xi De Fo Chang@f蔡志忠编绘@FCai Zhi Zhong Bian Hui |
| 210 | @a北京@c生活·读书·新知三联书店@d2000.01 | |
| 215 | @a104页@d32开 | |
| 606 | 0 | @a绘画@x技法(美术) |
| 690 | @aJ218.2@v3 | |
| 701 | 0 | @a蔡志忠@4编绘 |
| 801 | @aCN@bPftUser@c20001219 | |
| 905 | @b307869@dJ218.2@eC983/1@f1 | |
| 六祖坛经:曹溪的佛唱/蔡志忠编绘.-北京:生活·读书·新知三联书店,2000.01 |
| 104页;32开 |
| ISBN 7-108-01397-5:12.50元 |
| ● |
| 相关链接 |
|
|
|
正题名:六祖坛经:曹溪的佛唱
索取号:J218.2/C983/1
 
预约/预借
| 序号 | 登录号 | 条形码 | 馆藏地/架位号 | 状态 | 备注 |
| 1 | 307869 | 203078695 | 社科库309/ [索取号:J218.2/C983/1] | 在馆 |